| 000 | 00615nam a2200217Ia 4500 | ||
|---|---|---|---|
| 005 | 20250508162116.0 | ||
| 008 | 008 250505s9999 xx 000 0 eng d | ||
| 037 | _aBooks to be hide in OPAC | ||
| 040 |
_aFEDL _beng _cFEDL |
||
| 041 |
_aeng _2eng |
||
| 084 |
_a001.42, SAD _qFEDL |
||
| 100 | _aSadhu A N | ||
| 245 | 0 | _aResearch methodology in social sciences | |
| 260 |
_aBombay, India _bHimalaya Publishing House _c1980 |
||
| 300 | _a236p. | ||
| 365 |
_aINR _b45 |
||
| 650 | _aResearch Methods | ||
| 700 |
_a Amarjit Singh _9772325 |
||
| 942 |
_cHB _h001.42, SAD |
||
| 999 |
_c1374430 _d1374430 |
||